Responses for Show #2752 - Tuesday, July 16, 1996

1996 Olympic Games Tournament semifinal game 2.

Contestants

[<< previous game]

Soren Wedderkopp, a creative director from Copenhagen, Denmark

Tom Kinne, a translator from Frankfurt, Germany

Mandi Hale, a pharmaceutical dispenser from Ruddingham, Nottingham England

[next game >>]

Jeopardy! Round responses

EUROPEAN HISTORY
SPORTS
TRAVEL U.S.A.
LATIN WORDS & PHRASES
BUSINESS & INDUSTRY
POPES NAMED LEO
    $100 25
Napoleon

Mandi
    $100 16
Pele

Mandi
    $100 6
Hawaii

Soren
    $100 1
Time

Tom
    $100 11
Australia

Tom
    $100 26
St. Peter

Tom
    $200 21
Luxembourg

Mandi
    $200 17
Steffi Graf

Mandi
    $200 7
Texas

Tom
    $200 2
"Adeste Fideles"

Mandi
    $200 12
(Soren: What is Kleber?)

Michelin

MandiSoren
    $200 27
[The end-of-round signal sounds.]
(Alex: And with that response, we come to the end of this round...)

cardinals

Mandi
    $300 22
(Mandi: What is Versailles?)

Paris

Mandi
Triple Stumper
    $300 18
Nadia Comaneci

Soren
    $300 8
New Orleans

Mandi
    $300 3
In Vitro

Tom
    $300 13
Fiat

Mandi
    $400 23
(Mandi: What is Venice?)
(Soren: What is Portugal?)

Genoa

MandiTomSoren
    $400 19
Seve Ballesteros

Tom
    $400 9
San Francisco

Tom
    $400 4
Bonafide

Tom
    $400 14
Contact Lenses

Mandi
    $800 24
(Tom: What is Denmark?)

Iceland

Tom
    $500 20
24 Hours of Le Mans

Mandi
    $500 10
Washington, D.C.

Triple Stumper
    $500 5
(Mandi: What is post-partum?)

childbirth

Mandi
Triple Stumper
    $500 15
Nike

Soren

Scores at the first commercial break (after clue 15):

Mandi Tom Soren
$900 $1,500 $400

Scores at the end of the Jeopardy! Round:

Mandi Tom Soren
$1,500 $1,600 $300

Double Jeopardy! Round responses

SHAKESPEARE
ASTRONOMY
AMERICAN MOVIE STARS
COUNTRIES OF THE WORLD
QUOTATIONS
WORLD LEADERS
    $200 11
Julius Caesar

Mandi
    $200 8
Jupiter

Mandi
    $200 2
Warren Beatty

Soren
    $200 19
Chile

Tom
    $200 1
(Soren: Who is Rousseau?)

Charles Darwin

MandiSoren
    $200 26
Lech Walesa

Mandi
    $400 15
Cleopatra

Mandi
    $400 10
(T: What is Mars?)

Venus

TomSoren
    $400 3
Tom Cruise

Mandi
    $3,000 21
(M: What is Egypt?)

Israel

Mandi
    $400 7
Muhammad Ali

Tom
    $400 27
Yasser Arafat

Tom
    $600 16
King Lear

Mandi
    $600 13
Corona

Mandi
    $600 4
Joanne Woodward

Mandi
    $600 22
Sudan

Soren
    $600 9
Ireland

Tom
    $600 28
Nelson Mandela

Soren
    $800 17
Lady Macduff

Triple Stumper
    $800 20
Greenwich

Mandi
    $800 5
James Dean

Tom
    $800 23
Sri Lanka

Mandi
    $800 12
The Constitution

Tom
    $800 29
(Soren: Who is Salvador Allende?)

Juan PerĂ³n

Soren
Triple Stumper
    $1000 18
Hippolyta

Triple Stumper
    $1000 25
Orion

Mandi
    $1000 6
Marilyn Monroe

Mandi
    $1000 24
Indonesia

Tom
    $1000 14
John Milton

Mandi
    $1,100 30
(Soren: Who was Papadopoulos?)

Andreas Papandreou

Soren

Scores at the end of the Double Jeopardy! Round:

Mandi Tom Soren
$6,500 $5,400 $0

[wagering suggestions for these scores]

Final Jeopardy! Round responses

SPAIN
TomWhat is Barcelona?
$5,400
MandiWhat is Barcelona?
$4,400
Barcelona

Final scores:

Mandi Tom Soren
$10,900 $10,800 $0
Finalist 2nd place: $5,000 3rd place: $5,000

Game dynamics:

Coryat scores:

Mandi Tom Soren
$9,500 $6,200 $1,100
25 R,
4 W
(including 1 DD)
16 R,
2 W
(including 1 DD)
7 R,
5 W
(including 1 DD)

Combined Coryat: $16,800

[game clues] [game scores] [suggest correction]

Game tape date: 1996-04-10
The J! Archive is created by fans, for fans. Scraping, republication, monetization, and malicious use prohibited; this site may use cookies and collect identifying information. See terms. The Jeopardy! game show and all elements thereof, including but not limited to copyright and trademark thereto, are the property of Jeopardy Productions, Inc. and are protected under law. This website is not affiliated with, sponsored by, or operated by Jeopardy Productions, Inc. Join the discussion at JBoard.tv.